| 000 | 00516 a2200193 4500 | ||
|---|---|---|---|
| 003 | Nust | ||
| 005 | 20170207153156.0 | ||
| 010 | _a 81007366 | ||
| 020 | _a0133929779 : | ||
| 040 | _cNust | ||
| 082 | 0 | 0 | _a621.31924 |
| 100 | 1 | _aGraf, Rudolf F. | |
| 245 | 1 | 0 |
_aHome wiring / _cRudolf F. Graf, George J. Whalen. |
| 260 |
_aEnglewood Cliffs, N.J. : _bPrentice-Hall, _cc1982. |
||
| 300 |
_ax, 209 p. : _bill. ; _c25 cm. |
||
| 500 | _aIncludes index. | ||
| 650 | 0 | _aElectric wiring, Interior. | |
| 700 | 1 | _aWhalen, George J. | |
| 942 |
_2ddc _cBK |
||
| 999 |
_c180781 _d180781 |
||